Pictures by Letter - X - Statistics

General Stats
  • This quiz has been taken 86 times
  • The average score is 8 of 15
Answer Stats
Picture Answer % Correct
XBox
98%
X-Ray
93%
Xylophone
86%
Xenon
81%
Xerox
73%
X-Men
73%
Xanax
57%
Xena
57%
X-Files
46%
XXXTentacion
44%
Xavier
37%
Xi’an
37%
Xhosa
21%
XVI
12%
XLR
5%
No matching quizzes found
Score Distribution
Percent of People with Each Score
Percentile by Number Answered
Your Score History
You have not taken this quiz